000 00530cab a2200169 a 4500
005 20230110151830.0
008 151024s2009 le a g 000 0 ara d
050 4 _aGC1441
_b.M35 2009
245 0 2 _aالمخلوقات البحرية.
250 _aط. 1.
260 _aطرابلس، لبنان :
_bشركة دار الشمال،
_c2009.
300 _a31 ص. :
_bمصور ؛
_c28 سم.
490 0 _aموسوعة الحيوان
650 4 _aالبيئة البحرية.
650 4 _aالبيئة المائية.
942 _2lcc
999 _c77283
_d77283